000 00506nam a22001817a 4500
005 20240910130750.0
008 240910b |||||||| |||| 00| 0 eng d
020 _a9780409023732
041 _aEnglish
082 _a346.2 KER
100 _lEnglish
245 _aThe Law of Agency /
_cAJ Kerr
250 _aFourth Edition
260 _aDurban:
_bLexisNexis Butterworth,
_c2006
300 _bxii, 326 pages;
_c25 cm.
650 _aLegal practice
_bLaw
942 _cBK
_6ALISON_BN_VRIES
999 _c3038
_d3038